Statistics for Countries Closest to the United States by first two letters

Click here to take the quiz!

General Stats

  • This quiz has been taken 112 times
  • The average score is 15 of 20

Answer Stats

milescountry% Correct
0Canada
100%
0Mexico
100%
93Cuba
95%
1044Panama
87%
471Jamaica
86%
53Bahamas
85%
1053Colombia
85%
953Costa Rica
85%
653Guatemala
84%
579Haiti
80%
578Belize
77%
665Dominican Republic
77%
844El Salvador
77%
671Nicaragua
76%
2Russia
76%
608Honduras
74%
1248St Kitts and Nevis
61%
1121Venezuela
56%
1311Antigua and Barbuda
46%
1035Kiribati
13%

Score Distribution

Percentile by Number Answered

Percent of People with Each Score

Your Score History

You have not taken this quiz